<?xml version="1.0" encoding="UTF-8"?><marc:collection xmlns:marc="http://www.loc.gov/MARC21/slim">
  <marc:record>
    <marc:leader>00000nam##2200000za#4500</marc:leader>
    <marc:controlfield tag="001">9.620767</marc:controlfield>
    <marc:controlfield tag="003">CaOODSP</marc:controlfield>
    <marc:controlfield tag="005">20240212134142</marc:controlfield>
    <marc:controlfield tag="007">ta</marc:controlfield>
    <marc:controlfield tag="008">150406|1992||||xxc|||||     f|0| 0 fre|d</marc:controlfield>
    <marc:datafield tag="020" ind1=" " ind2=" ">
      <marc:subfield code="a">0-662-98015-8</marc:subfield>
    </marc:datafield>
    <marc:datafield tag="022" ind1=" " ind2=" ">
      <marc:subfield code="a">1713-0646</marc:subfield>
    </marc:datafield>
    <marc:datafield tag="040" ind1=" " ind2=" ">
      <marc:subfield code="a">CaOODSP</marc:subfield>
      <marc:subfield code="b">fre</marc:subfield>
    </marc:datafield>
    <marc:datafield tag="043" ind1=" " ind2=" ">
      <marc:subfield code="a">n-cn---</marc:subfield>
    </marc:datafield>
    <marc:datafield tag="086" ind1="1" ind2=" ">
      <marc:subfield code="a">NE22-1/1992-18F</marc:subfield>
    </marc:datafield>
    <marc:datafield tag="110" ind1="1" ind2=" ">
      <marc:subfield code="a">Canada. </marc:subfield>
      <marc:subfield code="b">Office national de l'énergie.</marc:subfield>
    </marc:datafield>
    <marc:datafield tag="245" ind1="1" ind2="0">
      <marc:subfield code="a">Relativement à: BP Ressources Canada Limited; Kamine Beaver Falls Cogen Co., Inc., à titre d'associé gérant de la Kamine/Besicorp Beaver Falls L.P.; Kamine Syracuse Cogen Co., Inc., à titre d'associé gérant de la Kamine/Besicorp Syracuse L.P.; Western Gas Marketing Limited: demandes de licences d'exportation de gaz naturel déposées conformément à la partie VI de la Loi sur l'Office national de l'énergie; et relativement à FSC Resources Limited, Saranac Power Partners, L.P. et Shell Canada Limitée : </marc:subfield>
      <marc:subfield code="b">demande déposée aux termes des parties I et VI de la Loi sur l'Office national de l'énergie en vue d'obtenir le transfert d'une licence d'exportation de gaz naturel, sinon l'octroi d'une nouvelle licence d'exportation </marc:subfield>
    </marc:datafield>
    <marc:datafield tag="260" ind1=" " ind2=" ">
      <marc:subfield code="a">Calgary - Alberta : </marc:subfield>
      <marc:subfield code="b">Office national de l'énergie </marc:subfield>
      <marc:subfield code="c">Décembre 1992.</marc:subfield>
    </marc:datafield>
    <marc:datafield tag="300" ind1=" " ind2=" ">
      <marc:subfield code="a">56p. : </marc:subfield>
      <marc:subfield code="b">graphiques, tableaux ; </marc:subfield>
      <marc:subfield code="c">28 cm.</marc:subfield>
    </marc:datafield>
    <marc:datafield tag="490" ind1="1" ind2=" ">
      <marc:subfield code="a">Motifs de décision</marc:subfield>
      <marc:subfield code="x">1713-0646</marc:subfield>
    </marc:datafield>
    <marc:datafield tag="563" ind1=" " ind2=" ">
      <marc:subfield code="a">Couverture souple</marc:subfield>
    </marc:datafield>
    <marc:datafield tag="691" ind1="0" ind2="7">
      <marc:subfield code="a">Industrie pétrolière</marc:subfield>
      <marc:subfield code="2">gcpds</marc:subfield>
    </marc:datafield>
    <marc:datafield tag="775" ind1="0" ind2="8">
      <marc:subfield code="t">In the matter of: BP Resources Canada Limited; Kamine Beaver Falls Cogen Co., Inc., as managing general partner of Kamine/Besicorp Beaver Falls L.P.; Kamine Syracuse Cogen Co., Inc., as managing general partner of Kamine/Besicorp Syracuse L.P.; Western Gas Marketing Limited: applications pursuant to Part VI of the National Energy Board Act for licences to export natural gas; and, FSC Resources Limited, Saranac Power Partners L.P., and Shell Canada Limited : </marc:subfield>
      <marc:subfield code="w">(CaOODSP)9.608680</marc:subfield>
    </marc:datafield>
    <marc:datafield tag="776" ind1="0" ind2="#">
      <marc:subfield code="t">Motifs de décision relativement à BP Resources Canada Limited, Kamine Beaver Falls Cogen Co., Inc., à titre d'associé gérant de la Kamine/Besicorp Beaver Falls L.P., Kamine Syracuse Cogen Co., Inc., à titre d'associé gérant de la Kamine/Besicorp Syracuse L.P., Western Gas Marketing Limited ... et relativement à FSC Resources Limited, Saranac Power Partners, L.P. et Shel Canada Limitée : </marc:subfield>
      <marc:subfield code="w">(CaOODSP)9.602721</marc:subfield>
    </marc:datafield>
    <marc:datafield tag="830" ind1="#" ind2="0">
      <marc:subfield code="a">Motifs de décision (Canada. Office national de l'énergie)</marc:subfield>
      <marc:subfield code="x">1713-0646</marc:subfield>
      <marc:subfield code="w">(CaOODSP)9.513162</marc:subfield>
    </marc:datafield>
    <marc:datafield tag="986" ind1=" " ind2=" ">
      <marc:subfield code="a">GH-5-92</marc:subfield>
    </marc:datafield>
  </marc:record>
</marc:collection>
